| 000 | 00629cam a22002294a 4500 | ||
|---|---|---|---|
| 008 | |||
| 020 | _a0750641096 (pbk.) | ||
| 049 | _aMAIN | ||
| 090 |
_aTA330 _bBIR |
||
| 100 | 1 | _aBird, J.O. | |
| 245 | 1 | 0 |
_aBasic engineering mathematics / _cJ.O. Bird. |
| 260 |
_aOxford : _bNewnes, _c1999. |
||
| 300 |
_aviii, 218 p. : _bill. ; _c25 cm. |
||
| 500 | _aIncludes index. | ||
| 650 | 0 | _aEngineering mathematics. | |
| 650 | 4 | _aEngineering mathematics. | |
| 907 |
_a.b10026307 _b13-02-13 _c17-04-03 |
||
| 003 | |||
| 005 | 20230123133834.0 | ||
| 040 | _cNUST | ||
| 942 |
_cBOOKS _kTA330 _mBIR |
||
| 999 |
_c155507 _d155507 |
||